000 00533nam a2200193Ia 4500
005 20250423101611.0
008 250422s9999 xx 000 0 und d
020 _a9780273753797
050 _aHD 58.7 .G46/
100 _aGeorge, Jennifer M.
245 0 _aUnderstanding and managing organizational behavior
250 _a6th ed.
260 _aUpper Saddle River, NJ
260 _bPearson Prentice Hall
260 _c2012
300 _a670 p
650 _aOrganizational behavior Organizational effectiveness
942 _cBK
999 _c36722
_d36722